| 000 | 00756nam a2200217 a 4500 | ||
|---|---|---|---|
| 005 | 20140310183504.0 | ||
| 008 | 100806s19uu xx 00 eng d | ||
| 020 | _a9781441179937 | ||
| 050 |
_aLC 4713.4 _b.P76 2009 |
||
| 100 | _aProulx-Shirduan, Victoria | ||
| 245 |
_aMindful education for ADHD students : _bdifferentiating curriculum and instruction using multiple intelligences. _cVictoria Proulx-Shirduan |
||
| 260 |
_aNew York : _bTeachers College, _c2009. |
||
| 300 |
_a159 p. : _bill. ; _c24 cm. |
||
| 521 | _aEDU | ||
| 650 |
_aAttention deficit disordered children _xEducation. |
||
| 650 |
_aLearning disabled children _xEducation. |
||
| 700 | _aShearer, Branton C. | ||
| 700 | _aCase, Karen I. | ||
| 942 |
_cBK _2lcc _kFOR |
||
| 999 |
_c24001 _d24001 |
||